Hometowns of Long Islander Celebrities - Statistics

General Stats
  • This quiz has been taken 4 times
  • The average score is 5 of 10
Answer Stats
Hint Answer % Correct
Lil Peep Long Beach
75%
MF Doom Long Beach
75%
Alec Baldwin Amityville
50%
Billy Joel Hicksville
50%
Mariah Carey Huntington
50%
Ralph Macchio Huntington
50%
Amy Schumer Rockville Centre
50%
Rosie O'Donnell Commack
25%
Jerry Seinfeld Massapequa
25%
Natalie Portman Syosset
0%
No matching quizzes found
Score Distribution
Percent of People with Each Score
Percentile by Number Answered
Your Score History
You have not taken this quiz